000 00504pab a2200181 454500
008 180718b2008 xxu||||| |||| 00| 0 eng d
100 _aJain, Vinod Kumar
245 _aReadiness to technological adoption by the prevailing MIS: a survey in Indian perspective
260 _c2008
300 _ap.72-77.
362 _aJul-Dec
650 _aInformation technology
650 _aManagement information systems
700 _aGupta, Sanjay Kumar
773 _aPranjana
908 _aN
909 _a84851
999 _c84851
_d84851